المدن / (رقم التسجيلة. 44289)

تفاصيل مارك
000 -LEADER
fixed length control field 00616nam a22002057a 4500
005 - DATE AND TIME OF LATEST TRANSACTION
control field 20251108170606.0
008 - FIXED-LENGTH DATA ELEMENTS--GENERAL INFORMATION
fixed length control field 250721s1997 xx 000 0 ara d
082 14 - DEWEY DECIMAL CLASSIFICATION NUMBER
Classification number ط/307.76/شار
100 1# - MAIN ENTRY--PERSONAL NAME
Personal name الشاروني، يعقوب
Relator term مؤدي
245 10 - TITLE STATEMENT
Title المدن /
264 1# - PRODUCTION, PUBLICATION, DISTRIBUTION, MANUFACTURE, AND COPYRIGHT NOTICE
Place of production, publication, distribution, manufacture القاهرة :
Name of producer, publisher, distributor, manufacturer شركة سفير،
Date of production, publication, distribution, manufacture, or copyright notice 1997.
300 ## - PHYSICAL DESCRIPTION
Extent 32ص.
490 0# - SERIES STATEMENT
Series statement في كل زمان و مكان ؛2
650 17 - SUBJECT ADDED ENTRY--TOPICAL TERM
Topical term or geographic name as entry element المجتمعات الحضرية
650 17 - SUBJECT ADDED ENTRY--TOPICAL TERM
Topical term or geographic name as entry element المدن
653 ## - INDEX TERM--UNCONTROLLED
Uncontrolled term نااشئون صغار ( 10 - 14 سنة )
700 1# - ADDED ENTRY--PERSONAL NAME
Personal name زهير، شريف
Relator term رسم
942 ## - ADDED ENTRY ELEMENTS (KOHA)
Source of classification or shelving scheme Dewey Decimal Classification
Koha item type كتب
المقتنيات
حالة السحب حالة الفقدان مصدر التصنيف حالة التلف غير قابل للإعارة المكتبة الرئيسية المكتبة الحالية موقع الرف تاريخ التزويد الرقم المتسلسل Total Checkouts رقم الإستدعاء الباركود تاريخ آخر ظهور تاريخ الفاتورة نوع المادة (كوها)
    Dewey Decimal Classification     مكتبة البشائر للأطفال مكتبة البشائر للأطفال الإعارة 28/07/2025 527601   ط/307.76/شار 527601 28/07/2025 28/07/2025 كتب
    Dewey Decimal Classification     مكتبة الياسمين للأطفال مكتبة الياسمين للأطفال الأطفال 15/04/2014 559294   ط/307.76/شار PLD00299425 28/07/2025 15/04/2014 كتب
    Dewey Decimal Classification   Not For Loan مكتبة صويلح العامة مكتبة صويلح العامة الأطفال 05/09/2019 388704   ط/307.76/شار PLD00466154 28/07/2025 05/09/2019 كتب
Implemented & Customized by: BBB with SCIT (Smart Chains for Information Technology)

Powered by Koha